000 00967cam a22002774a 4500
001 32215
005 20230410132757.0
008 040211s2004 nyu b 001 0 eng
035 _a13488033
925 0 _aacquire
_b2 shelf copies
_xpolicy default
942 _2lcc
_cbk
010 _a2004003223
020 _a046502761X
040 _aDLC
_cDLC
_dDLC
042 _apcc
050 1 4 _aQC 981.8
_bG314b 2004
082 0 0 _a363.738/74/0973
_222
100 1 _aGelbspan, Ross.
245 1 0 _aBoiling point :
_bhow politicians, big oil and coal, journalists, and activists are fueling the climate crisis--and what we can do to avert disaster /
_cRoss Gelbspan.
250 _a1st ed.
260 _aNew York :
_bBasic Books,
_cc2004.
300 _axvii, 254 p. ;
_c22 cm.
504 _aIncludes bibliographical references and index.
650 0 _aGlobal warming
_xPolitical aspects.
856 4 1 _3Table of contents
_uhttp://www.loc.gov/catdir/toc/ecip0415/2004003223.html
999 _c87568
_d87568